[Event "Temuco op 1st"]
[Site "Temuco"]
[Date "2023.10.07"]
[Round "2"]
[White "Reyes Segovia, Cristhopher"]
[Black "Duarte Miceli, Leonardo"]
[Result "0-1"]
[WhiteElo "1833"]
[BlackElo "2299"]
[PlyCount "74"]
[EventDate "2023.10.06"]
[EventType "swiss"]
[EventRounds "7"]
[EventCountry "CHI"]
[SourceTitle "Mega2024 Update 01"]
[Source "Chessbase"]
[SourceDate "2023.11.12"]
[SourceVersion "1"]
[SourceVersionDate "2023.11.12"]
[SourceQuality "1"]

1. d4 d5 2. Nf3 Nf6 3. e3 e6 4. Bd3 b6 5. b3 Bb7 6. Bb2 c5 7. 0-0 Nbd7 8. Nbd2 Qc7 9. Qe2 Ne4 10. c4 Bd6 11. Rac1 Nxd2 12. Qxd2 dxc4 13. Be2 cxb3 14. axb3 Rc8 15. dxc5 bxc5 16. h3 Bxf3 17. Bxf3 Be5 18. Ba3 0-0 19. Rc4 Rfd8 20. Qc2 Qa5 21. Ra4 Qb6 22. Be2 Rc7 23. Rb1 Rdc8 24. Bc1 Qd6 25. Ra6 Qe7 26. Bd2 Rb8 27. Ba5 Nb6 28. Qa2 Rcb7 29. e4 Nd7 30. Qc2 Bd4 31. Bc3 Qf6 32. Bxd4 cxd4 33. Rc6 Nb6 34. Rc1 g6 35. Bd3 h5 36. Rc7 Rxc7 37. Qxc7 Rc8 0-1

[Event "Temuco op 1st"]
[Site "Temuco"]
[Date "2023.10.06"]
[Round "1"]
[White "Duarte Miceli, Leonardo"]
[Black "Villasenor Ayala, Maximiliano Ale"]
[Result "1-0"]
[WhiteElo "2299"]
[BlackElo "1471"]
[PlyCount "77"]
[EventDate "2023.10.06"]
[EventType "swiss"]
[EventRounds "7"]
[EventCountry "CHI"]
[SourceTitle "Mega2024 Update 01"]
[Source "Chessbase"]
[SourceDate "2023.11.12"]
[SourceVersion "1"]
[SourceVersionDate "2023.11.12"]
[SourceQuality "1"]

1. e4 e5 2. Nf3 Nc6 3. Bc4 h6 4. d3 Nf6 5. 0-0 Na5 6. Nxe5 Nxc4 7. Nxc4 b5 8. Ne3 Bc5 9. e5 Bxe3 10. fxe3 Nd5 11. Qf3 0-0 12. Qxd5 c6 13. Qf3 Bb7 14. Nc3 d6 15. exd6 Qxd6 16. Qg3 Qd7 17. Ne4 f5 18. Nc5 Qe7 19. Nxb7 Qxb7 20. e4 Kh7 21. exf5 Rf6 22. Be3 Raf8 23. Bd4 Rxf5 24. Rxf5 Rxf5 25. Rf1 Rg5 26. Qf3 Qd7 27. Qe4+ Kg8 28. Re1 Qh3 29. Qe6+ Qxe6 30. Rxe6 c5 31. Be3 Kf7 32. Bxg5 Kxe6 33. Be3 Kd5 34. b3 a5 35. c4+ bxc4 36. bxc4+ Kc6 37. Kf2 h5 38. Kf3 g6 39. Kf4 1-0

[Event "Titled Tuesday intern op 19th Sep Late"]
[Site "Chess.com INT"]
[Date "2023.09.19"]
[Round "11"]
[White "Duarte Miceli, Leonardo"]
[Black "Gabdushev, Ruslan"]
[Result "0-1"]
[WhiteElo "2299"]
[BlackElo "2256"]
[PlyCount "78"]
[EventDate "2023.09.19"]
[EventType "swiss (blitz)"]
[EventRounds "11"]
[EventCountry "USA"]
[SourceTitle "EXT 2024"]
[Source "ChessBase"]
[SourceDate "2023.10.10"]
[SourceVersion "1"]
[SourceVersionDate "2023.10.10"]
[SourceQuality "1"]

1. d4 c6 2. Nf3 g6 3. c4 Bg7 4. Nc3 d6 5. e4 Bg4 6. Be2 Bxf3 7. Bxf3 Qb6 8. d5 c5 9. Qc2 Nf6 10. 0-0 0-0 11. Be2 Na6 12. a3 Nd7 13. Re1 e6 14. Bf1 Nc7 15. Bd2 Rae8 16. h3 a6 17. Rab1 exd5 18. exd5 Rxe1 19. Rxe1 Re8 20. Na4 Qa7 21. Rxe8+ Nxe8 22. Qe4 Kf8 23. Bc3 Ndf6 24. Qe3 Qb8 25. Nxc5 dxc5 26. Qxc5+ Kg8 27. b4 Ne4 28. Qe7 Nxc3 29. Bd3 Bf6 30. Qe1 Kf8 31. g3 b5 32. c5 Nxd5 33. Qe4 Qe5 34. Qf3 Nec7 35. Kg2 h5 36. h4 Kg7 37. Be4 Nc3 38. Bb7 Ne2 39. Qc6 Nd4 0-1

[Event "Titled Tuesday intern op 19th Sep Late"]
[Site "Chess.com INT"]
[Date "2023.09.19"]
[Round "2"]
[White "Krzyzanowski, Marcin"]
[Black "Duarte Miceli, Leonardo"]
[Result "0-1"]
[WhiteElo "2512"]
[BlackElo "2299"]
[PlyCount "70"]
[EventDate "2023.09.19"]
[EventType "swiss (blitz)"]
[EventRounds "11"]
[EventCountry "USA"]
[SourceTitle "EXT 2024"]
[Source "ChessBase"]
[SourceDate "2023.10.10"]
[SourceVersion "1"]
[SourceVersionDate "2023.10.10"]
[SourceQuality "1"]

1. e4 c5 2. Nf3 e6 3. d4 cxd4 4. Nxd4 Nf6 5. Nc3 Nc6 6. a3 d5 7. Bb5 Bd7 8. exd5 exd5 9. Be3 Be7 10. 0-0 0-0 11. Be2 Re8 12. Re1 h6 13. Bf3 Be6 14. Ncb5 a6 15. Nxe6 fxe6 16. Nd4 e5 17. Nxc6 bxc6 18. c4 e4 19. Be2 Bd6 20. cxd5 cxd5 21. Rc1 Qe7 22. Bd4 Be5 23. Rc6 a5 24. h3 Rec8 25. Rxc8+ Rxc8 26. Qd2 Bxd4 27. Qxd4 Qc5 28. Qa4 Qc2 29. Qxa5 Qxb2 30. Bg4 Rc1 31. Be6+ Kf8 32. Kh2 Qb8+ 33. f4 exf3+ 34. g3 Rc2+ 35. Kh1 f2 0-1

[Event "Titled Tuesday intern op 19th Sep Late"]
[Site "Chess.com INT"]
[Date "2023.09.19"]
[Round "1"]
[White "Kushko, Dmitriy"]
[Black "Duarte Miceli, Leonardo"]
[Result "1/2-1/2"]
[WhiteElo "2426"]
[BlackElo "2299"]
[PlyCount "147"]
[EventDate "2023.09.19"]
[EventType "swiss (blitz)"]
[EventRounds "11"]
[EventCountry "USA"]
[SourceTitle "EXT 2024"]
[Source "ChessBase"]
[SourceDate "2023.10.10"]
[SourceVersion "1"]
[SourceVersionDate "2023.10.10"]
[SourceQuality "1"]

1. g3 d5 2. Nf3 Nf6 3. Bg2 Bf5 4. c4 c6 5. Qb3 Qb6 6. 0-0 Nbd7 7. cxd5 cxd5 8. Qxb6 Nxb6 9. d3 e6 10. Be3 Bd6 11. Nd4 Bg6 12. Nb5 Be5 13. N1c3 Nc8 14. f4 Bb8 15. Bc5 a6 16. Nd4 Nd7 17. b4 Bd6 18. Bxd6 Nxd6 19. e4 dxe4 20. dxe4 Rc8 21. Rac1 Rc7 22. f5 exf5 23. exf5 Bh5 24. h3 Rc4 25. Nb3 f6 26. g4 Bf7 27. Rfd1 Nb5 28. Nxb5 axb5 29. Bxb7 Ne5 30. Nd4 Ke7 31. Nxb5 Rb8 32. Rxc4 Bxc4 33. Nd6 Be2 34. Rd2 Bf3 35. Ba6 Rxb4 36. Nc8+ Kf7 37. Kf2 Bc6 38. Nd6+ Ke7 39. Nc8+ Kf7 40. Kg3 Ra4 41. Nd6+ Ke7 42. Nc8+ Kf8 43. Be2 Ra3+ 44. Kh2 Nf7 45. Nd6 Nxd6 46. Rxd6 Rxa2 47. Rxc6 Rxe2+ 48. Kg3 Re3+ 49. Kg2 Kf7 50. Rc7+ Re7 51. Rxe7+ Kxe7 52. Kf3 Kd6 53. Ke4 Kc5 54. h4 h6 55. Ke3 Kd5 56. Kd3 Ke5 57. Ke3 h5 58. gxh5 Kxf5 59. Kf3 Ke5 60. Kg4 Ke4 61. h6 gxh6 62. Kh5 f5 63. Kxh6 f4 64. h5 f3 65. Kg7 f2 66. h6 f1Q 67. h7 Qa1+ 68. Kg8 Kf5 69. h8Q Qa8+ 70. Kh7 Qh1+ 71. Kg8 Qg2+ 72. Qg7 Qa8+ 73. Qf8+ Qxf8+ 74. Kxf8 1/2-1/2

[Event "Titled Tuesday intern op 05th Sep Late"]
[Site "Chess.com INT"]
[Date "2023.09.05"]
[Round "8"]
[White "Duarte Miceli, Leonardo"]
[Black "Bilan, Danila"]
[Result "1-0"]
[WhiteElo "2299"]
[BlackElo "2303"]
[PlyCount "81"]
[EventDate "2023.09.05"]
[EventType "swiss (blitz)"]
[EventRounds "11"]
[EventCountry "USA"]
[SourceTitle "EXT 2024"]
[Source "ChessBase"]
[SourceDate "2023.10.10"]
[SourceVersion "1"]
[SourceVersionDate "2023.10.10"]
[SourceQuality "1"]

1. d4 d5 2. Nf3 Nf6 3. Bf4 c5 4. e3 Nc6 5. Nbd2 Bg4 6. c3 Qb6 7. b3 e6 8. Be2 cxd4 9. Nxd4 Bxe2 10. Qxe2 Nxd4 11. exd4 Rc8 12. Qd3 Ba3 13. Rb1 Qc6 14. c4 dxc4 15. bxc4 Qxg2 16. Rf1 Be7 17. Qg3 Qxg3 18. hxg3 b6 19. Ke2 0-0 20. a4 Rfd8 21. Be3 Ng4 22. a5 Nxe3 23. fxe3 Rc6 24. axb6 axb6 25. Rb5 Ra8 26. Rfb1 Bd8 27. R1b2 g6 28. d5 exd5 29. cxd5 Rc5 30. Rxc5 bxc5 31. Ne4 c4 32. Rc2 Ra4 33. Nd6 Ra5 34. e4 Ra3 35. Rxc4 Kg7 36. Rc8 Bb6 37. Nc4 Ra2+ 38. Kf3 Bg1 39. d6 Rf2+ 40. Kg4 h5+ 41. Kh3 1-0

[Event "Titled Tuesday intern op 05th Sep Late"]
[Site "Chess.com INT"]
[Date "2023.09.05"]
[Round "2"]
[White "Kiewra, Keaton F"]
[Black "Duarte Miceli, Leonardo"]
[Result "0-1"]
[WhiteElo "2300"]
[BlackElo "2299"]
[PlyCount "74"]
[EventDate "2023.09.05"]
[EventType "swiss (blitz)"]
[EventRounds "11"]
[EventCountry "USA"]
[SourceTitle "EXT 2024"]
[Source "ChessBase"]
[SourceDate "2023.10.10"]
[SourceVersion "1"]
[SourceVersionDate "2023.10.10"]
[SourceQuality "1"]

1. d4 d5 2. c4 e6 3. Nc3 Nf6 4. cxd5 exd5 5. Bg5 c6 6. e3 Bd6 7. Bd3 h6 8. Bh4 0-0 9. Nge2 Re8 10. Bg3 a5 11. 0-0 Na6 12. Bxd6 Qxd6 13. Bxa6 Rxa6 14. a3 Bf5 15. Nf4 Raa8 16. Nd3 Ng4 17. g3 h5 18. Nf4 h4 19. Qf3 Qf6 20. b4 g5 21. Nfe2 Qg6 22. b5 Nf6 23. Rfd1 cxb5 24. Nxd5 Nxd5 25. Qxd5 Be4 26. Qxb5 Qf6 27. Nc3 Bc6 28. Qf1 Bf3 29. Rdc1 Qh6 30. Qh3 Kg7 31. Nb5 Rh8 32. Rc7 g4 33. Qxh4 Qg6 34. Qe7 Rxh2 35. Qe5+ Qf6 36. Rxf7+ Kxf7 37. Nd6+ Kg6 0-1

[Event "Titled Tuesday intern op 05th Sep Late"]
[Site "Chess.com INT"]
[Date "2023.09.05"]
[Round "6"]
[White "Yeritsyan, Hayk"]
[Black "Duarte Miceli, Leonardo"]
[Result "1-0"]
[WhiteElo "2179"]
[BlackElo "2299"]
[PlyCount "61"]
[EventDate "2023.09.05"]
[EventType "swiss (blitz)"]
[EventRounds "11"]
[EventCountry "USA"]
[SourceTitle "EXT 2024"]
[Source "ChessBase"]
[SourceDate "2023.10.10"]
[SourceVersion "1"]
[SourceVersionDate "2023.10.10"]
[SourceQuality "1"]

1. d4 d5 2. Nf3 Nf6 3. e3 e6 4. Bd3 Bd6 5. Nbd2 0-0 6. Qe2 c5 7. c3 Qc7 8. 0-0 Nbd7 9. e4 dxe4 10. Nxe4 Nxe4 11. Qxe4 Nf6 12. Qh4 cxd4 13. Bg5 h6 14. Bxh6 gxh6 15. Qxh6 e5 16. Qxf6 Qe7 17. Qxe7 Bxe7 18. cxd4 exd4 19. Rfe1 Bf6 20. Ne5 Be6 21. f4 Rfd8 22. a3 Rac8 23. Rac1 Bh4 24. g3 Bf6 25. Kf2 Bd5 26. Ke2 Rxc1 27. Rxc1 Bxe5 28. fxe5 Re8 29. Rc5 Rxe5+ 30. Kd2 f6 31. Rxd5 1-0

[Event "Titled Tuesday intern op 25th Jul Late"]
[Site "Chess.com INT"]
[Date "2023.07.25"]
[Round "4"]
[White "Chor, Kevin"]
[Black "Duarte Miceli, Leonardo"]
[Result "1-0"]
[WhiteElo "1944"]
[BlackElo "2299"]
[PlyCount "81"]
[EventDate "2023.07.25"]
[EventType "swiss (blitz)"]
[EventRounds "11"]
[EventCountry "USA"]
[SourceTitle "EXT 2024"]
[Source "ChessBase"]
[SourceDate "2023.10.10"]
[SourceVersion "1"]
[SourceVersionDate "2023.10.10"]
[SourceQuality "1"]

1. e4 e5 2. Nf3 Nc6 3. Bb5 a6 4. Ba4 Nf6 5. 0-0 Be7 6. Re1 b5 7. Bb3 0-0 8. d4 d6 9. c3 Bg4 10. Be3 Re8 11. Nbd2 exd4 12. cxd4 d5 13. e5 Ne4 14. Nxe4 dxe4 15. Qc2 exf3 16. Qxc6 fxg2 17. Qxg2 Bf5 18. Rad1 Bb4 19. Re2 Qd7 20. a3 Bh3 21. Qg3 Bf8 22. Red2 Qg4 23. Qxg4 Bxg4 24. Rc1 Rac8 25. Rc6 a5 26. f4 Bd7 27. Ra6 a4 28. Bc2 c6 29. Be4 Ra8 30. Rxc6 Bxc6 31. Bxc6 b4 32. Bxa8 Rxa8 33. axb4 Bxb4 34. Rc2 Kf8 35. d5 Ke8 36. Rc4 a3 37. bxa3 Bxa3 38. d6 Bb2 39. Rc7 Ra3 40. Bb6 Rb3 41. d7+ 1-0

[Event "Titled Tuesday intern op 25th Jul Early"]
[Site "Chess.com INT"]
[Date "2023.07.25"]
[Round "4"]
[White "Duarte Miceli, Leonardo"]
[Black "Dahlgren, James Allen"]
[Result "0-1"]
[WhiteElo "2299"]
[BlackElo "1805"]
[PlyCount "44"]
[EventDate "2023.07.25"]
[EventType "swiss (blitz)"]
[EventRounds "11"]
[EventCountry "USA"]
[SourceTitle "EXT 2024"]
[Source "ChessBase"]
[SourceDate "2023.10.10"]
[SourceVersion "1"]
[SourceVersionDate "2023.10.10"]
[SourceQuality "1"]

1. Nf3 c5 2. b3 d5 3. Bb2 Nc6 4. e3 e5 5. Bb5 f6 6. d3 Nge7 7. Nbd2 a6 8. Bxc6+ Nxc6 9. e4 d4 10. a4 Be6 11. Nc4 b5 12. axb5 axb5 13. Rxa8 Qxa8 14. Nb6 Qa5+ 15. Qd2 Qxb6 16. 0-0 Bd6 17. h3 0-0 18. Nh2 c4 19. bxc4 bxc4 20. Rb1 c3 21. Bxc3 Qxb1+ 22. Qc1 Qxc1+ 0-1

[Event "Titled Tuesday intern op 25th Jul Late"]
[Site "Chess.com INT"]
[Date "2023.07.25"]
[Round "8"]
[White "Duarte Miceli, Leonardo"]
[Black "Garakov, Mikhael"]
[Result "0-1"]
[WhiteElo "2299"]
[BlackElo "2447"]
[PlyCount "72"]
[EventDate "2023.07.25"]
[EventType "swiss (blitz)"]
[EventRounds "11"]
[EventCountry "USA"]
[SourceTitle "EXT 2024"]
[Source "ChessBase"]
[SourceDate "2023.10.10"]
[SourceVersion "1"]
[SourceVersionDate "2023.10.10"]
[SourceQuality "1"]

1. e4 c5 2. Nf3 e6 3. d4 cxd4 4. Nxd4 Nc6 5. Nc3 Qc7 6. Be3 a6 7. Qd2 Nf6 8. f3 b5 9. 0-0-0 Bb7 10. g4 h6 11. h4 Ne5 12. Rg1 b4 13. Nb1 d5 14. g5 hxg5 15. hxg5 Nfd7 16. f4 Nc4 17. Bxc4 Qxc4 18. g6 Nf6 19. gxf7+ Kxf7 20. Qg2 dxe4 21. Qg6+ Ke7 22. Nb3 Rc8 23. Rd2 Rh3 24. Bd4 e3 25. Rdg2 Bxg2 26. Qxg2 e2 27. c3 Rd3 28. N1d2 Qd5 29. Bxf6+ gxf6 30. Qxe2 bxc3 31. bxc3 Rcxc3+ 32. Kb1 a5 33. Rg2 Re3 34. Qa6 Qxg2 35. Qa7+ Ke8 36. Qa8+ Qxa8 0-1

[Event "Titled Tuesday intern op 25th Jul Early"]
[Site "Chess.com INT"]
[Date "2023.07.25"]
[Round "3"]
[White "Gulamirian, Korun"]
[Black "Duarte Miceli, Leonardo"]
[Result "1-0"]
[WhiteElo "1816"]
[BlackElo "2299"]
[PlyCount "95"]
[EventDate "2023.07.25"]
[EventType "swiss (blitz)"]
[EventRounds "11"]
[EventCountry "USA"]
[SourceTitle "EXT 2024"]
[Source "ChessBase"]
[SourceDate "2023.10.10"]
[SourceVersion "1"]
[SourceVersionDate "2023.10.10"]
[SourceQuality "1"]

1. d4 Nf6 2. c4 c5 3. Nf3 cxd4 4. Nxd4 e5 5. Nb5 d5 6. cxd5 Bc5 7. N1c3 a6 8. Na3 0-0 9. h3 Re8 10. e4 b5 11. Nc2 Nbd7 12. Bd3 Nf8 13. 0-0 Ng6 14. Bg5 h6 15. Be3 Bd6 16. Qd2 Nh5 17. Ne2 Bd7 18. b4 Nhf4 19. Nxf4 Nxf4 20. Bxf4 exf4 21. Nd4 Qf6 22. Be2 Be5 23. Rad1 g5 24. Nb3 Bc3 25. Qc2 Bxb4 26. Qc7 Rad8 27. Bd3 f3 28. Qg3 Bd6 29. Qxf3 Qe5 30. g3 Bxh3 31. Rfe1 Kg7 32. Bf1 Bd7 33. Nd4 h5 34. Qxh5 Rh8 35. Qf3 g4 36. Nf5+ Kf8 37. Qxg4 Bc5 38. Bg2 Rg8 39. Qf4 Qf6 40. Qh6+ Qxh6 41. Nxh6 Rg6 42. Nf5 Bxf5 43. exf5 Rxg3 44. d6 Ra3 45. Re2 Rxd6 46. Rxd6 Bxd6 47. f6 Bc5 48. Rc2 1-0

[Event "Titled Tuesday intern op 18th Jul Early"]
[Site "Chess.com INT"]
[Date "2023.07.18"]
[Round "6"]
[White "Gavrilin, Roman"]
[Black "Duarte Miceli, Leonardo"]
[Result "1-0"]
[WhiteElo "2156"]
[BlackElo "2299"]
[PlyCount "113"]
[EventDate "2023.07.18"]
[EventType "swiss (blitz)"]
[EventRounds "11"]
[EventCountry "USA"]
[SourceTitle "EXT 2024"]
[Source "ChessBase"]
[SourceDate "2023.10.10"]
[SourceVersion "1"]
[SourceVersionDate "2023.10.10"]
[SourceQuality "1"]

1. e4 e5 2. d4 exd4 3. Qxd4 Nc6 4. Qe3 b6 5. Bc4 Bc5 6. Qe2 Bb7 7. Nf3 Nge7 8. Nc3 Ng6 9. Be3 Nge5 10. Bxc5 bxc5 11. Nxe5 Nxe5 12. f4 Nxc4 13. Qxc4 Qh4+ 14. g3 Qe7 15. 0-0-0 d6 16. Rhe1 0-0 17. e5 dxe5 18. Rxe5 Qf6 19. Qxc5 Bf3 20. Rd3 Bg4 21. Rg5 Be6 22. Qe5 Qh6 23. h4 Bc4 24. Rh5 Qc6 25. Rd4 Ba6 26. Qc5 Qh1+ 27. Rd1 Qg2 28. Rg5 h6 29. Rgd5 Qxg3 30. Qg1 Qxf4+ 31. Kb1 Rab8 32. R5d4 Qe5 33. b3 g6 34. Nd5 h5 35. R4d2 Qg7 36. Qg5 f6 37. Qg3 c6 38. Nc3 Rbe8 39. Na4 Bb5 40. Nc5 f5 41. Qg5 Qf6 42. Nd7 Qxg5 43. hxg5 Rf7 44. Nf6+ Rxf6 45. gxf6 Kf7 46. Rg2 Kxf6 47. Rd6+ Ke5 48. Rdxg6 f4 49. R6g5+ Ke4 50. Rxh5 f3 51. Rf2 Ke3 52. Rhh2 Rg8 53. c4 Ba6 54. Rc2 c5 55. Rc3+ Kf4 56. Rf2 Bb7 57. Kc2 1-0

[Event "Titled Tuesday intern op 04th Jul Early"]
[Site "Chess.com INT"]
[Date "2023.07.04"]
[Round "9"]
[White "Floresvillar Gonzalez, Luis Miguel"]
[Black "Duarte Miceli, Leonardo"]
[Result "0-1"]
[WhiteElo "2019"]
[BlackElo "2299"]
[PlyCount "60"]
[EventDate "2023.07.04"]
[EventType "swiss (blitz)"]
[EventRounds "11"]
[EventCountry "USA"]
[SourceTitle "EXT 2024"]
[Source "ChessBase"]
[SourceDate "2023.10.10"]
[SourceVersion "1"]
[SourceVersionDate "2023.10.10"]
[SourceQuality "1"]

1. d4 Nf6 2. c3 g6 3. Bg5 Bg7 4. Nd2 d5 5. e3 0-0 6. Bd3 c5 7. Ngf3 b6 8. Qe2 Nc6 9. 0-0 Re8 10. Ne5 Nxe5 11. dxe5 Nd7 12. f4 f6 13. exf6 exf6 14. Bh4 c4 15. Bc2 Nc5 16. Rad1 Qe7 17. Rfe1 b5 18. h3 a5 19. Qf3 Bb7 20. Qf2 b4 21. e4 Nxe4 22. Bxe4 dxe4 23. Nxc4 Rad8 24. Qb6 Rxd1 25. Rxd1 e3 26. Qxa5 Qe4 27. Nxe3 Qxe3+ 28. Kh2 Bxg2 29. Kxg2 Qe2+ 30. Kg3 Re3# 0-1

[Event "Titled Tuesday intern op 04th Jul Late"]
[Site "Chess.com INT"]
[Date "2023.07.04"]
[Round "6"]
[White "Grinev, Valeriy"]
[Black "Duarte Miceli, Leonardo"]
[Result "1-0"]
[WhiteElo "2418"]
[BlackElo "2299"]
[PlyCount "85"]
[EventDate "2023.07.04"]
[EventType "swiss (blitz)"]
[EventRounds "11"]
[EventCountry "USA"]
[SourceTitle "EXT 2024"]
[Source "ChessBase"]
[SourceDate "2023.10.10"]
[SourceVersion "1"]
[SourceVersionDate "2023.10.10"]
[SourceQuality "1"]

1. e4 e5 2. Nc3 Nc6 3. Nf3 Nf6 4. d3 d5 5. exd5 Nxd5 6. Bd2 Be7 7. g3 h5 8. h4 Bg4 9. Bg2 Nd4 10. 0-0 c6 11. Nxd5 cxd5 12. Re1 e4 13. dxe4 dxe4 14. Rxe4 Nxf3+ 15. Bxf3 Bxf3 16. Qxf3 Qxd2 17. Rae1 0-0 18. Rxe7 Rac8 19. R1e2 Qd1+ 20. Kg2 Rxc2 21. Rxc2 Qxc2 22. Rxb7 a5 23. Qxh5 a4 24. Qf3 Qc4 25. b3 axb3 26. axb3 Qe6 27. b4 Rc8 28. Ra7 Rc1 29. Ra8+ Kh7 30. Qh5+ Qh6 31. Qxh6+ Kxh6 32. b5 Rb1 33. Rb8 g5 34. hxg5+ Kxg5 35. b6 Kg6 36. b7 Kg7 37. g4 Rb5 38. Kg3 Rb4 39. f3 Kh7 40. f4 Kg7 41. f5 Kf6 42. Kh4 Rb1 43. Kg3 1-0

[Event "Titled Tuesday intern op 04th Jul Early"]
[Site "Chess.com INT"]
[Date "2023.07.04"]
[Round "7"]
[White "Moral Garcia, Serafin"]
[Black "Duarte Miceli, Leonardo"]
[Result "0-1"]
[WhiteElo "2240"]
[BlackElo "2299"]
[PlyCount "78"]
[EventDate "2023.07.04"]
[EventType "swiss (blitz)"]
[EventRounds "11"]
[EventCountry "USA"]
[SourceTitle "EXT 2024"]
[Source "ChessBase"]
[SourceDate "2023.10.10"]
[SourceVersion "1"]
[SourceVersionDate "2023.10.10"]
[SourceQuality "1"]

1. c4 Nf6 2. Nc3 g6 3. g3 Bg7 4. Bg2 d6 5. d3 0-0 6. Nf3 Nc6 7. 0-0 e5 8. Rb1 a5 9. a3 h6 10. b4 axb4 11. axb4 Be6 12. b5 Ne7 13. Bb2 c6 14. Qb3 Qd7 15. Nd2 Bh3 16. Ra1 Bxg2 17. Kxg2 d5 18. Rxa8 Rxa8 19. Ra1 Rxa1 20. Bxa1 h5 21. Na4 Qc7 22. b6 Qd6 23. c5 Qb8 24. Nc3 Nd7 25. Qb4 Nf5 26. Nb3 h4 27. e4 dxe4 28. dxe4 Nd4 29. Nd1 Ne6 30. Ne3 Bf8 31. Nc4 Ndxc5 32. Bxe5 Qd8 33. Nxc5 Bxc5 34. Qb2 Qd3 35. Nd2 Qe2 36. Nb3 Qxe4+ 37. f3 h3+ 38. Kxh3 Ng5+ 39. Kg2 Qxf3# 0-1

[Event "Arica op 8th"]
[Site "Arica"]
[Date "2022.12.19"]
[Round "7"]
[White "Duarte Miceli, Leonardo"]
[Black "Hernandez Guerrero, Gilberto Eduardo"]
[Result "0-1"]
[WhiteElo "2307"]
[BlackElo "2549"]
[PlyCount "70"]
[EventDate "2022.12.16"]
[EventType "swiss"]
[EventRounds "10"]
[EventCountry "CHI"]
[SourceTitle "CBM 212 Extra"]
[Source "ChessBase"]
[SourceDate "2023.03.31"]
[SourceVersion "1"]
[SourceVersionDate "2023.03.31"]
[SourceQuality "1"]

1. e4 c5 2. Nf3 Nc6 3. d4 cxd4 4. Nxd4 Nf6 5. Nc3 d6 6. Bg5 Qb6 7. Nb3 e6 8. Qd2 Be7 9. Be3 Qc7 10. f3 a6 11. g4 b5 12. g5 Nd7 13. 0-0-0 Nce5 14. Qf2 b4 15. Nb1 Bb7 16. Rg1 Rc8 17. Nd4 Nc5 18. b3 0-0 19. Kb2 Rfd8 20. a3 bxa3+ 21. Nxa3 d5 22. Nb1 dxe4 23. f4 Nf3 24. Rg3 Bd6 25. Rg4 g6 26. Bc4 Bf8 27. c3 Bd5 28. Bxd5 Rxd5 29. c4 Rd7 30. Nc3 Qb7 31. Qc2 Nd3+ 32. Rxd3 exd3 33. Qg2 Nxd4 34. Qxb7 Rxb7 35. Bxd4 Rxc4 0-1

[Event "Arica 3rd"]
[Site "Arica"]
[Date "2016.07.16"]
[Round "9.8"]
[White "Duarte Miceli, Leonardo"]
[Black "Tapia Fuentes, Jaime"]
[Result "0-1"]
[WhiteElo "2349"]
[BlackElo "2200"]
[PlyCount "82"]
[EventDate "2016.07.10"]
[EventType "swiss"]
[EventRounds "10"]
[EventCountry "CHI"]
[SourceTitle "EXT 2024"]
[Source "ChessBase"]
[SourceDate "2023.10.10"]
[SourceVersion "1"]
[SourceVersionDate "2023.10.10"]
[SourceQuality "1"]

1. e4 c5 2. Nf3 d6 3. d4 cxd4 4. Nxd4 Nf6 5. Nc3 g6 6. Be3 Bg7 7. f3 0-0 8. Qd2 Nc6 9. 0-0-0 Bd7 10. h4 Rc8 11. g4 Ne5 12. h5 Qa5 13. Kb1 Nxf3 14. Nxf3 Rxc3 15. Qxc3 Qxc3 16. bxc3 Bxg4 17. Bg2 Nxe4 18. Rd3 Nxc3+ 19. Kc1 Bf5 20. Rxc3 Bxc3 21. Bxa7 Ra8 22. Bd4 Rxa2 23. Bxc3 Rxc2+ 24. Kd1 Rxc3 25. Rh4 b5 26. Rb4 Bd7 27. h6 Rc5 28. Rb1 Bc6 29. Ra1 f6 30. Ra6 g5 31. Rb6 g4 32. Nh4 Bxg2 33. Nxg2 Kf7 34. Rb7 Re5 35. Nf4 g3 36. Kd2 Rg5 37. Ng2 Rf5 38. Ne3 Re5 39. Ng2 Kg6 40. Nh4+ Kxh6 41. Nf3 g2 0-1